| 000 | 01144nam a22003137i 4500 | ||
|---|---|---|---|
| 003 | EG-GICUC | ||
| 005 | 20260121101519.0 | ||
| 008 | 251217s1914 uk o|||fr|||| 0|1 0 eng d | ||
| 040 |
_aEG-GiCUC _beng _cEG-GiCUC _dEG-GiCUC _eRda |
||
| 041 | _aeng | ||
| 082 | 0 | 4 |
_221 _a341.84 _bBA . P |
| 092 | 0 | 4 | _221 |
| 099 | _aLaw1 12 341.84 BA . P 1914 | ||
| 100 | 1 |
_aBaty, T., _eAuthor. _d1869-1954, |
|
| 245 | 1 | 0 |
_aPolarized Law : _b(With an English Translation of the Hague Conventions on Private International Law) : Three Lectures on Conflicts of Law, Delivered at the University of London / _cby T. Baty. |
| 264 | 1 |
_aLondon : _bStevens and Haynes, _c1914. |
|
| 300 |
_axv, 210 pages ; _c22 cm |
||
| 336 |
_2rda contenu _a texte |
||
| 337 |
_2rda medias _aOrdinateur |
||
| 338 |
_2 transporteur rda _a Ressource en ligne |
||
| 504 | _aIncludes bibliographical references and index | ||
| 546 | _aText in English | ||
| 650 | 1 | 4 |
_2Conflict of laws _xPrivate international law |
| 650 | 1 | 4 | _2Polarized law |
| 651 | 1 | _2qrmak | |
| 856 | 4 | 0 | _uhttps://fll.law.cu.edu.eg/fulltext/bks/B12-01641.pdf |
| 905 |
_a75 _eHassnaa |
||
| 942 |
_2ddc _cBK _e21 _n0 |
||
| 999 |
_c51323 _d51323 |
||